000 01521nam0a22003371 4500
001 RU\NLR\INFOCOMM_116\5000052248
005 20250810064057.0
035 _a(NLR Aleph) 009047939
090 _a9566725
_c9566725
100 _a20080828d1945 u y0rusy50 ca
101 0 _aslo
102 _aRU
105 _ay z 000zy
200 1 _aLeninskou cestou, pod Stalinovým vedením
_ereferát, prednesený 21. januára 1945 na slávnostnom smútočnom zasadnutí na počesť XXI, výročia smrti V. I. Lenina
_fG. F. Alexandrov
210 _aMoskva
_cVyd-vo cudzojazyčnej literatúry
_d1945
215 _a22, [2] с.
_d13 см
300 _aНа 4-й с. обл.: Г. Ф. Александров. По Ленинскому пути под водительством Сталина
300 _aНа словацк. яз.
517 1 _aПо Ленинскому пути под водительством Сталина
600 1 _aЛенин
_bВ. И.
_f1870-1924
_gВладимир Ильич
_2nlr_sh1
606 _aОтечественная война
_z1941-1945
_2nlr_sh1
700 1 _4220
_7ba
_8rus
_aAleksandrov
_bG. F.
_cфилософ, госуд. деятель
_f1908-1961
_gGeorgij Fёdorovič
_9252120
_3RU\NLR\AUTH\770252176
790 1 _9z01700
_aAlexandrov
_bG. F.
_4070
801 1 _aRU
_bNLR
_c20080828
801 0 _aRU
_bNLR
_gPSBO
852 _aNLR
_jМ21 Г-2/26
942 _cBOOK
945 _aРоссийская национальная библиотека
980 _aNB
980 _aBV